| 000 | 01139nam a2200241Ii 4500 | ||
|---|---|---|---|
| 003 | JO-AjNU | ||
| 005 | 20240629142253.0 | ||
| 008 | 230605s9999||||xx |||||||||||||| ||und|| | ||
| 040 |
_aJO-AjNU _bara _erda _cJO-AjNU |
||
| 041 | _aara | ||
| 050 | 1 | 4 | _ak5000 2018 |
| 100 |
_aالسلايمة، اسماء جميل _eمعد _965830 |
||
| 245 | 0 | 0 | _aمدى حرية القاضي الجزائي في وزن الدليل الجنائي وامكانية الاخذ به في القانون الاردني "دراسة مقارنه" : The Extent of freedom of penal judge in estimating the penal evidence and possibility of adopting it in jordanian law acouparative study |
| 264 | 3 | 1 | _a 2018 |
| 300 | _a103 ورقة | ||
| 336 |
_atext _btxt _2rdacontent |
||
| 337 |
_aunmediated _bn _2rdamedia |
||
| 338 |
_avolume _bnc _2rdacarrier |
||
| 500 | _aرساله جامعيه (ماجستير في القانون) - جامعة عجلون الوطنيه (عجلون ، الاردن) ، كلية القانون ، 2018 | ||
| 650 | 4 |
_aقانون جنائي _958206 |
|
| 700 |
_aالعيسى، طلال ياسين _964930 _eمشرف |
||
| 942 |
_2lcc _cTHS |
||
| 999 |
_c29694 _d29694 |
||